Winter Olympic Games: Countries by First Time Gold Medal - Statistics

General Stats
  • This quiz has been taken 52 times
    32 since last reset
  • The average score is 24 of 39
Answer Stats
Hint Answer % Correct
1924 U{nited} {States}
93%
1924 F{inland}
90%
1928 F{rance}
90%
1948 I{taly}
90%
1924 N{orway}
90%
1924 A{ustria}
86%
1924 C{anada}
83%
1924 G{reat} {Britain}
83%
1948 B{elgium}
79%
1972 J{apan}
79%
1924 S{witzerland}
79%
1952 G{ermany}
76%
1924 S{weden}
76%
1968 E{ast} {Germany}
69%
1956 United Team of G{ermany}
69%
1968 W{est} {Germany}
69%
2002 A{ustralia}
66%
1964 N{etherlands}
66%
1972 P{oland}
62%
1994 R{ussia}
62%
2002 E{stonia}
59%
1972 S{pain}
59%
1968 C{zechoslovakia}
55%
1994 K{azakhstan}
55%
1994 U{kraine}
55%
1992 S{outh} {Korea}
52%
1956 S{oviet} {Union}
52%
1994 U{zbekistan}
52%
2002 C{hina}
48%
2002 C{roatia}
48%
2014 L{atvia}
48%
2010 B{elarus}
45%
2018 H{ungary}
45%
1980 L{iechtenstein}
45%
2010 S{lovakia}
45%
2014 S{lovenia}
45%
1998 C{zech} {Republic}
41%
1998 B{ulgaria}
34%
2022 N{ew} {Zealand}
7%
No matching quizzes found
Score Distribution
Percent of People with Each Score
Percentile by Number Answered
Your Score History
You have not taken this quiz since the last reset